| 000 | 00556nam a2200181 4500 | ||
|---|---|---|---|
| 001 | 131383 | ||
| 003 | ES-MaACL | ||
| 005 | 20250626063156.0 | ||
| 007 | t| | ||
| 008 | 070214s1970 sp r ||||1| spa d | ||
| 100 | 0 |
_aRodríguez, Leoncio, _c1850-1926 _998273 |
|
| 245 | 1 | 0 |
_aPerfiles / _cLeoncio Rodríguez. |
| 250 | _a1ª. ed. | ||
| 260 |
_aSanta Cruz de Tenerife : _b[s.n.], _c1970 ( _fHerederos de L. Rodríguez) |
||
| 300 |
_a348 p., 1 lám. : _b`retr. aut.` ; _c24 cm. |
||
| 852 |
_aES-MaACL _jC-37782 _bR.75385 |
||
| 999 |
_c131383 _d131383 |
||